Money and macroeconomics : (Record no. 2037)

MARC details
000 -LEADER
fixed length control field 00999nam a2200229 a 4500
003 - CONTROL NUMBER IDENTIFIER
control field BD-DhJNU
005 - DATE AND TIME OF LATEST TRANSACTION
control field 20250827055335.0
008 - FIXED-LENGTH DATA ELEMENTS--GENERAL INFORMATION
fixed length control field 170929s2017 bg a b 101 0 eng
020 ## - INTERNATIONAL STANDARD BOOK NUMBER
International Standard Book Number 9789845062398
040 ## - CATALOGING SOURCE
Original cataloging agency BD-DhJNU
Language of cataloging ENG
Transcribing agency BD-DhJNU
Modifying agency BD-DhJNU
082 00 - DEWEY DECIMAL CLASSIFICATION NUMBER
Classification number 332.49592 MON
Edition number 23
110 2# - MAIN ENTRY--CORPORATE NAME
Corporate name or jurisdiction name as entry element Bangladesh Development Initiative.
Subordinate unit Conference
Number of part/section/meeting (4th :
Date of meeting or treaty signing 2013 :
Location of meeting University of California, Berkeley),
Relator term author.
245 10 - TITLE STATEMENT
Title Money and macroeconomics :
Remainder of title selected topics from Bangladesh /
Statement of responsibility, etc. edited by M. Faizul Islam, Rahim M. Quazi, Farida C. Khan.
264 #1 - PRODUCTION, PUBLICATION, DISTRIBUTION, MANUFACTURE, AND COPYRIGHT NOTICE
Place of production, publication, distribution, manufacture Dhaka :
Name of producer, publisher, distributor, manufacturer The University Press Limited :
-- Bangladesh Development Initiative,
Date of production, publication, distribution, manufacture, or copyright notice June 2017.
300 ## - PHYSICAL DESCRIPTION
Extent xxv, 209 pages :
Other physical details illustrations (black and white) ;
Dimensions 23 cm
504 ## - BIBLIOGRAPHY, ETC. NOTE
Bibliography, etc. note Includes bibliographical references and index.
650 #0 - SUBJECT ADDED ENTRY--TOPICAL TERM
Topical term or geographic name entry element Monetary policy
Geographic subdivision Bangladesh.
651 #0 - SUBJECT ADDED ENTRY--GEOGRAPHIC NAME
Geographic name Bangladesh
General subdivision Economic policy.
700 1# - ADDED ENTRY--PERSONAL NAME
Personal name Islam, M. Faizul,
Relator term editor.
710 2# - ADDED ENTRY--CORPORATE NAME
Corporate name or jurisdiction name as entry element Bangladesh Development Initiative,
Relator term issuing body.
942 ## - ADDED ENTRY ELEMENTS (KOHA)
Koha item type Books
Source of classification or shelving scheme Dewey Decimal Classification
Holdings
Withdrawn status Lost status Source of classification or shelving scheme Damaged status Not for loan Collection Home library Current library Shelving location Date acquired Source of acquisition Total checkouts Full call number Barcode Date last seen Copy number Price effective from Koha item type
    Dewey Decimal Classification     Non-fiction Jagannath University Central Library Jagannath University Central Library General stacks 08/27/2025 Purchased   332.49592 MON JNUCL35657 08/27/2025 1 08/27/2025 Books
    Dewey Decimal Classification     Non-fiction Jagannath University Central Library Jagannath University Central Library General stacks 12/11/2025 Purchased   332.49592 MON JNUCL36340 12/11/2025 2 12/11/2025 Books
    Dewey Decimal Classification     Non-fiction Jagannath University Central Library Jagannath University Central Library General stacks 12/11/2025 Purchased   332.49592 MON JNUCL36341 12/11/2025 3 12/11/2025 Books